|
|
|
|
| LEADER |
00615cam a2200181 7i4500 |
| 001 |
0000006192 |
| 005 |
19991025090000.0 |
| 002 |
##000007858 |
| 020 |
0 |
0 |
|a T000006067
|
| 090 |
0 |
0 |
|a EURO 658.562
|b MAL
|
| 110 |
0 |
0 |
|a Malaysia External Trade Development Corporation (MATRADE)
|
| 245 |
0 |
0 |
|a Brief :
|b the EU Regulation on CE Marks, Packaging and Labelling.
|
| 260 |
0 |
0 |
|a [s.l]:
|b [s.n],
|c 1997.
|
| 300 |
0 |
0 |
|a 17 p..
|
| 650 |
0 |
0 |
|a European Union --
|x Regulation
|
| 650 |
0 |
0 |
|a CE marks --
|z European Union
|
| 650 |
0 |
0 |
|a Packaging --
|x Regulation --
|x European Union
|
| 999 |
|
|
|a 0000009230
|b Book
|c Open shelf
|e Business Information Centre
|